000 00683nam a2200289Ia 4500
005 20260324144759.0
008 008 260324s9999 xx 000 0 eng d
020 _a9780203709986
037 _aEBOOK
040 _aCRL
040 _beng
040 _cCRL
041 _2eng
041 _aeng
084 _qCRL
100 _aBharat Hazari
_91220578
245 0 _aRoutledge Revivals: International Trade (1986)
245 0 _bTheoretical Issues
260 _bTaylor and Francis
260 _c1986
365 _a
365 _b230
856 _uhttp://www.taylorfrancis.com/books/9780203709986
942 _cEBOOK
999 _c1827635
_d1827635